| 000 | 01515cam a22001934a 4500 | ||
|---|---|---|---|
| 005 | 20250605164335.0 | ||
| 008 | 250528s ||||||||||||||||||||||||d | ||
| 035 | _a23414 | ||
| 040 |
_aGR-AtMCL _bgre _dGR-AtMCL _eAACR2 |
||
| 245 | 1 | _aSeismic Base Isolation/Investigation of the Effect of Seismic Base Isolation on a Typical Reinforced Concrete Structure | |
| 260 | _c2016 | ||
| 300 | _a156 | ||
| 520 | _aAbstract, Summary Report, Literature Review, Structural Dynamic Response, Theory of Seismic Base Isolation, Energy Absorption and Linear Theory of Seismic Base Isolation, Requirements for the Use of Seismic Base Isolation and the Affecting Factors, History of Seismic Base Isolation, Use of Seismic Base Isolation, Elastomeric Seismic Base Isolation, Sliding-Friction Seismic Base Isolation, Analysis and Design of the Fixed Base Reinforced Concrete Structure, Case Analysis and Assumptions and Applied Loads, Effective Depths, Applied Loads, Earthquake and Base Shear, Analysis of the Fixed Base Structure, Reinforcement of Beams, Anchorage Length and Mandrel Diameter, Reinforcement of Columns, Lap and Anchorage Length, Analysis and Design of the Seismically Base Isolated Reinforced Concrete Structure, Earthquake and Base Shears, Reinforcement of Beams, Reinforcement of Columns, Conclusion, Bill of Quantity and Cost Comparison, References and Bibliography, Appendices. | ||
| 700 | 1 |
_aKardala Maria _98981 |
|
| 700 | 1 |
_aLykakos Petros _98983 |
|
| 942 | _cDS | ||
| 999 |
_c8434 _d8434 |
||